000 00510cam a22001932 4500
001 0000020792
005 20151217145927.0
008 111017s xx 000 0 eng d
020 _a0415566742
040 _aKABU
_cKABU
245 1 0 _aJurisprudence 2010-2011.
250 _a6th ed.
260 _aNew york :
_bRoutledge,
_c2010.
300 _axiii, 169 p.
650 0 _aJurisprudence.
_@0000153282
852 1 _9p1470.95 KES
908 _a111017
950 _@1
999 _c4180
_d4180